000 00785nam a22002657a 4500
001 77416
003 BD-RjUL
005 20211209082953.0
008 200906s1949 ||||| |||| 00| 0 eng d
035 _a(BD-RjUL)77641
040 _aBD-RjUL
_beng
_cBD-RjUL
041 _aeng
082 _a821
_bTEP 1949
100 _aTennyson, Alfred Tennyson, Baron,
_d1809-1892
_9241296
245 1 0 _aPoems /
_cAlfred Tennyson
250 _aNew rev. ed. 1949
260 _aLondon :
_bJ. M. Dent & Sons ltd.
_c1949
300 _a v.;
_c18 cm.
490 _aEveryman's library,
_v626 : Poetry
505 0 1 _avol. 2
600 _aTennyson, Alfred Tennyson,
_d1809-1892
_9241302
650 _aEnglish poetry
_9241298
830 _aEveryman's library,
_v626 : Poetry
_9241303
942 _2ddc
_cBK
999 _c77416
_d77416